1519 1307 1053 1076 1885 1503 1865 1405 1654 1468 1154 1457 1237 1661 1775 1603 1653 1788 1733 1359 1583 1679 1021 1822 1996 1415 1043 1715 1775 1893 1363 1844 1405 1723 1494 1755 1945 1524 1518 1641 1636 1664 1930 1961 1755 1254 1348 1135 1728 1891 1941 1300 1079 1852 1170 1111 1549 1486 1154 1182 1300 1026 1534 1401 1019 1485 1938 1846 1609 1614 1189 1586 1500 1217 1519 1563 1837 1467 1750 1632 1159 1730 1902 1113 1272 1289 1451 1201 1947 1606 1818 1285 1757 1024 1620 1277 1774 1877 1582 BCNSPRNW ULIB Ver.6.0+V

เปลี่ยนเป็นภาษาไทย

Change to English
 แสดงรายละเอียดบรรณานุกรม
  กลับหน้าหลัก

Brief Record : Get Marc (ISO 2709) : E-mail record : QR code < ปิดหน้าต่าง
LEADER : 00000nam 2200000uu 4500
001    13399129126
003     ULIB
008    250717s2025||||th 000 0 tha d
020    ^a9780729544689
060 0  ^aWY160^bK549M
100 0  ^aKim Foster.
245 0  ^aMental health in nursing :^btheory and practice for clinical settings /^cKim Foster ... [et al.].
250    ^a6th ed.
260    ^aChatswood, NSW :^bElsevier,^c2025.
260    ^aNSW, Australia :^bElsevier Australia,^c2025
300    ^axiii, 417 p. :^bill. ;^c28 cm.
505 0  ^aPart 1: Positioning Practice -- Part 2: Knowledge for Practice -- Part 3: Contexts of Practice
650  0 ^aMental health services.
650  0 ^aMental Health.
650  0 ^aPsychiatric nursing.
945    ^p2014^l0^i011885
999    ^aประนอม เกษจรัล
รายการนี้ยังไม่มีแท็ก
คุณยังไม่ได้ล็อกอิน คุณสามารถมีกิจกรรมร่วมกับเว็บไซต์ได้ แต่ต้องล็อกอินก่อน ::
  ล็อกอิน

รายการสื่อสารสนเทศ

ลำดับที่ ประเภท เลขเรียก/บาร์โค้ด สถานที่ สถานะ
1. Book การพยาบาล
หนังสือสำรอง
สถานะ=หนังสือสำรอง
WY160 K549M ฉ.1 
  Barcode: 011885
ห้องสมุดวิทยาเขตสวรรค์ประชารักษ์
►หนังสือทั่วไป
บนชั้น

รายการใกล้เคียง
    หัวเรื่อง [Psychiatric nursing.]

BibComment


ยังไม่เคยถูกคอมเมนท์

คอมเมนท์ทรัพยากรรายการนี้
  คอมเมนท์: Mental health in..


 Copyright 2026. Bcnsprnw @Library